000
00345 a2200157 4500
001
194563
020
_a
978-85-61167-86-8
040
_c
Magnum
100
_a
Kajalacy, Tata
240
1
0
_a
O fuxico de Janaína
_l
por
245
1
0
_a
O fuxico de Janaína
300
_a
40
362
0
_a
2015
697
_a
LITERATURA INFANTO-JUVENIL
942
_c
BK
999
_c
194563
_d
194563